000 00553nam a2200181Ia 4500
005 20250326124623.0
008 250326s9999 xx 000 0 und d
037 _aTextbook
040 _aFMSL
_beng
_cFMSL
041 _aeng
_2eng
084 _aX:8ogB28 L0
_qFMSL
100 _aRappaport A
_9735826
245 0 _aInformation for decision making: quatitative and behaviour dimensions
_cRappaport A
260 _aNew Jersey
_bNew Jersey, Prentice-Hall
_c1970
300 _a447p
942 _cTB
_hX:8ogB28 L0
999 _c1274431
_d1274431